Sports Geography : (Record no. 588769)

MARC details
000 -LEADER
fixed length control field 00452nam a2200193 a 4500
008 - FIXED-LENGTH DATA ELEMENTS--GENERAL INFORMATION
fixed length control field 250922s2003##################000#0#eng##
020 ## - INTERNATIONAL STANDARD BOOK NUMBER
ISBN 9780419252207
082 04 - DEWEY DECIMAL CLASSIFICATION NUMBER
Classification number 796
Item number BAL
100 1# - MAIN ENTRY--AUTHOR NAME
Personal name Bale, John,
245 10 - TITLE STATEMENT
Title Sports Geography :
260 ## - PUBLICATION, DISTRIBUTION, ETC. (IMPRINT)
Name of publisher Psychology Press,
Year of publication 2003.
300 ## - PHYSICAL DESCRIPTION
Number of Pages 6 pages
650 #0 - SUBJECT ADDED ENTRY--TOPICAL TERM
Topical Term Science.
942 ## - ADDED ENTRY ELEMENTS (KOHA)
Koha item type English Books
Holdings
Withdrawn status Lost status Damaged status Not for loan Home library Current library Shelving location Date acquired Full call number Accession Number Price effective from Koha item type
        Anna Centenary Library Anna Centenary Library 6TH FLOOR, B WING 22.09.2025 796 BAL 171688 22.09.2025 English Books

Find us on the map